000
00206 a2200097 4500
001
11956
100
_a
M Ayub Khan
245
_a
Friends not masters
260
_a
_b
Pakistan branch
_c
090
_c
9210
_d
9210
942
_a
NUST-CAE
_c
M
_c
36057
999
_c
247029
_d
247029